• 首页
  • 本馆介绍
  • 公告通知
  • 最新文献
  • 馆藏检索
  • 电子资源
  • 读者导购
  • 参考咨询
  • 我的图书馆
  • 登录
  • 详细信息显示
  • 放入我的书架
  • 预约/预借图书
  • 作者相关作品
  • 分类相关作品
  • 丛书相关作品
  • 出版社相关作品

书目信息

  • 表格格式
  • 工作单格式
  • 卡片格式
题名:
元素地球化学
    
 
作者: 刘英俊 著
分册:  
出版信息: 北京   科学出版社  1984
页数: 548页
开本: 25cm
丛书名:
单 册:
中图分类: P59
科图分类:
主题词: 元素矿物-地球化学 , 地球化学-元素矿物
电子资源:
ISBN:
000 00616nam0 2200241 45
001 0184009721
005 20061122112342.37
010    @dCNY9.10
091    @aCN@b13031.2685
100    @a19950309d1984 emky0chiy0121 ea
101 0  @achi
102    @aCN@b110000
105    @ay z 000yy
200 10 @a元素地球化学@Ayuan su di qiu hua xue@f刘英俊著
210    @a北京@c科学出版社@d1984
215    @a548页@d25cm
606    @a元素矿物-地球化学
606    @a地球化学-元素矿物
690    @aP59@v3
701  0 @a刘英俊@Aliu ying jun@4著
801  2 @aCN@bNLC@c20061122
801  0 @aCN@bTSSF
905    @a10447@dP59@e27
    
    元素地球化学/刘英俊著.-北京:科学出版社,1984
    548页;25cm
    
    
    ISBN :CNY9.10
    
●
相关链接 在E读中查询图书 在五车中查询图书 在当当中查询图书 在豆瓣中查询图书


正题名:元素地球化学     索取号:P59/27         预约/预借

序号 登录号 条形码 馆藏地/架位号 状态 备注
1 0127899   000073654   第二样本阅览室/ [索取号:P59/27] 在馆    
唐山师范学院图书馆 欢迎您!
大连网信软件有限公司© 版权所有